000 00510nam a22001337a 4500
999 _c23209
_d23209
003 NUST
005 20170606115435.0
008 170606b xxu||||| |||| 00| 0 eng d
010 _a2003055776
022 _a158488407X
024 _cAvailable
040 _aDLC
_bDLC
_cRCMS
082 _a514.24 LIA
100 _aShijun Liao
_92038
245 _aBeyond Perturbation /
_bIntroduction to the Homotopy analysis Method
_cLiao Shijun
260 _aAmerica
_bCRC Press LLC
_cc2004
300 _axii,322,p:
_bill:
_c22,cm.
440 _aCRC Series : Modern Mechanics And Mathematics
_92039
500 _aIncludes bibliographical references and index
538 _iShelf No 1 Row No 3
650 _aModern Mechanics And Mathematics
_92040
_x1. Homotopy theory. 2. Mathematical analysis
856 _3Table of Content Only
942 _cBK
_2ddc